Inovačné technológie, priame zahraničné investície a ich vplyv na rozvoj podnikateľských subjektov
Využitie inovačných technológií, priamych zahraničných investícií a ich vplyv na rozvoj podnikateľských subjektov. Zabezpečenie finančných zdrojov pre inovačné podnikanie. Umiestnenie Slovenska v hodnotení SEF - najlepšie položky a najhoršie položky.
Uložené v:
| Hlavný autor: | |
|---|---|
| Médium: | Kapitola |
| Jazyk: | Slovak |
| Predmet: | |
| Tagy: |
Žiadne tagy, Buďte prvý, kto otaguje tento záznam!
|
MARC
| LEADER | 00000naa$a2200000$$$4500 | ||
|---|---|---|---|
| 001 | 0036871 | ||
| 005 | 20240502071453.1 | ||
| 041 | 0 | |a slo | |
| 044 | |a SK | ||
| 245 | 1 | 0 | |a Inovačné technológie, priame zahraničné investície a ich vplyv na rozvoj podnikateľských subjektov |c Jarmila Vidová |
| 520 | |a Využitie inovačných technológií, priamych zahraničných investícií a ich vplyv na rozvoj podnikateľských subjektov. Zabezpečenie finančných zdrojov pre inovačné podnikanie. Umiestnenie Slovenska v hodnotení SEF - najlepšie položky a najhoršie položky. | ||
| 610 | 2 | 0 | |a investície priame zahraničné |
| 610 | 2 | 0 | |a Slovensko |
| 610 | 2 | 0 | |a technológie nové |
| 610 | 2 | 0 | |a inovácia |
| 610 | 2 | 0 | |a rozvoj podniku |
| 610 | 2 | 0 | |a rast hospodársky |
| 610 | 2 | 0 | |a kapitál ľudský |
| 100 | 1 | |a Vidová, Jarmila, 1967- | |